[Event "Kostroma Volga Cup op"]
[Site "Kostroma"]
[Date "2010.07.??"]
[Round "6"]
[White "Bezgodova, Svetlana"]
[Black "Khudiakov, Igor"]
[Result "1-0"]
[WhiteElo "2114"]
[BlackElo "2279"]
[PlyCount "84"]
[EventDate "2010.07.??"]
[EventType "swiss"]
[EventRounds "9"]
[EventCountry "RUS"]
[SourceTitle "EXT 2011"]
[Source "ChessBase"]
[SourceDate "2010.11.26"]
[SourceVersion "1"]
[SourceVersionDate "2010.11.26"]
[SourceQuality "1"]

1. e4 c5 2. Nf3 Nc6 3. c3 Nf6 4. d3 g6 5. Be2 Bg7 6. 0-0 d6 7. Nbd2 0-0 8. Re1 Rb8 9. Nf1 b5 10. Ng3 e5 11. h4 Bg4 12. Nh2 Bxe2 13. Qxe2 h5 14. Bg5 Qd7 15. Ngf1 Nh7 16. Bd2 d5 17. Be3 d4 18. cxd4 Nxd4 19. Bxd4 cxd4 20. Qd2 Rfe8 21. Rac1 Nf8 22. Rc2 Ne6 23. g3 Kh7 24. Nf3 f6 25. Re2 Rb7 26. Ne1 Bf8 27. Qc1 Bh6 28. Qd1 a5 29. Nd2 a4 30. a3 Re7 31. Qb1 Rg7 32. Ndf3 Rg8 33. Ng2 Qd6 34. Nfe1 Nc5 35. Kh2 Rc7 36. Qd1 Rgc8 37. f3 Qe6 38. Rf2 Qd6 39. Kg1 Rc6 40. f4 Ne6 41. f5 Ng7 42. fxg6+ Kxg6 1-0

[Event "Katowice op"]
[Site "Katowice"]
[Date "1995.??.??"]
[Round "5"]
[White "Khudiakov, Igor"]
[Black "Sosnicki, Michal"]
[Result "1-0"]
[WhiteElo "2360"]
[BlackElo "2160"]
[PlyCount "77"]
[EventDate "1995.??.??"]
[EventType "swiss"]
[EventRounds "9"]
[EventCountry "POL"]
[SourceTitle "EXT 2000"]
[Source "ChessBase"]
[SourceDate "1999.11.16"]
[SourceVersion "1"]
[SourceVersionDate "1999.11.16"]
[SourceQuality "1"]

1. c4 Nf6 2. Nc3 g6 3. e4 d6 4. d4 Bg7 5. Nf3 0-0 6. h3 e5 7. d5 Na6 8. Bd3 Nh5 9. g4 Nf4 10. Bxf4 exf4 11. Qd2 Nc5 12. Bc2 g5 13. Nd4 Qf6 14. 0-0-0 Re8 15. f3 a6 16. h4 h6 17. hxg5 hxg5 18. Rh5 b5 19. b4 Nd7 20. cxb5 a5 21. bxa5 Rxa5 22. a4 Nb6 23. Nce2 Ra7 24. Qb4 Bxg4 25. fxg4 f3 26. Rf1 Nxd5 27. Qd2 Nf4 28. Nxf4 gxf4 29. Rd5 Re5 30. g5 Rxg5 31. Rxg5 Qxg5 32. Nxf3 Qf6 33. Kd1 Qb2 34. Qxf4 Qa1+ 35. Qc1 Qc3 36. Qd2 Qc4 37. Rg1 Kf8 38. Qg5 Qd5+ 39. exd5 1-0

[Event "Djakovo op"]
[Site "Djakovo"]
[Date "1994.??.??"]
[Round "6"]
[White "Khudiakov, Igor"]
[Black "Sudar, Boris"]
[Result "1-0"]
[WhiteElo "2410"]
[BlackElo "2265"]
[PlyCount "113"]
[EventDate "1994.11.??"]
[EventType "swiss"]
[EventRounds "9"]
[EventCountry "CRO"]
[SourceTitle "EXT 1997"]
[Source "ChessBase"]
[SourceDate "1996.11.15"]
[SourceVersion "1"]
[SourceVersionDate "1996.11.15"]
[SourceQuality "1"]

1. Nf3 Nf6 2. c4 g6 3. b4 Bg7 4. Bb2 0-0 5. e3 d6 6. d4 b6 7. Be2 c5 8. b5 Bb7 9. 0-0 Nbd7 10. d5 Ne4 11. Bxg7 Kxg7 12. Qc2 Nef6 13. Rd1 Ne8 14. h4 Ndf6 15. Nc3 Bc8 16. e4 Bg4 17. Nh2 Bxe2 18. Qxe2 Qc7 19. a4 Nd7 20. Qe3 e6 21. dxe6 fxe6 22. Qh3 Ne5 23. Qxe6 Qf7 24. Qxf7+ Rxf7 25. a5 Nxc4 26. axb6 Nxb6 27. Ra2 Rd7 28. Rda1 Nf6 29. Ra6 Rb7 30. g4 d5 31. exd5 Nbxd5 32. g5 Nxc3 33. gxf6+ Kf7 34. Ng4 Nxb5 35. Nh6+ Kf8 36. Rc6 Rc7 37. Rxc7 Nxc7 38. Rd1 Ke8 39. Re1+ Kd7 40. Re7+ Kc6 41. Ng4 a5 42. f4 Nd5 43. Ne5+ Kd6 44. Nc4+ Kc6 45. Re6+ Kb5 46. Nd6+ Kb4 47. f7 Rf8 48. Re8 Rxf7 49. Nxf7 a4 50. Rb8+ Kc3 51. Rb5 Nb4 52. Rxc5+ Kb3 53. Ng5 h5 54. Ne4 a3 55. Nd2+ Ka4 56. Nb1 Nd3 57. Rc4+ 1-0

[Event "Eger Narancs Cup"]
[Site "Eger"]
[Date "1993.??.??"]
[Round "10"]
[White "Dumitrache, Dragos Nicolae"]
[Black "Khudiakov, Igor"]
[Result "1-0"]
[WhiteElo "2425"]
[BlackElo "2410"]
[PlyCount "93"]
[EventDate "1993.??.??"]
[EventType "tourn"]
[EventRounds "11"]
[EventCountry "HUN"]
[EventCategory "4"]
[SourceTitle "EXT 1997"]
[Source "ChessBase"]
[SourceDate "1996.11.15"]
[SourceVersion "1"]
[SourceVersionDate "1996.11.15"]
[SourceQuality "1"]

1. d4 Nf6 2. c4 d6 3. Nf3 g6 4. Nc3 Bf5 5. g3 Bg7 6. Bg2 c6 7. 0-0 0-0 8. Nh4 Be6 9. d5 cxd5 10. cxd5 Bd7 11. Be3 Na6 12. h3 Qc8 13. Kh2 b5 14. a3 Qb7 15. Nf3 Nc7 16. Ne1 a5 17. Qb3 Rfb8 18. Nc2 b4 19. axb4 axb4 20. Rxa8 Nxa8 21. Na2 Qa6 22. Re1 Ba4 23. Ncxb4 Qxe2 24. Rxe2 Bxb3 25. Nc6 Re8 26. Nc3 Nc7 27. Rd2 Bc4 28. Rd4 Bb3 29. Na5 Rb8 30. Nc6 Re8 31. g4 Kf8 32. Rd2 Ra8 33. Bb6 Na6 34. g5 Nd7 35. Bd8 Be5+ 36. Kg1 Nac5 37. Bxe7+ Kg8 38. Nxe5 dxe5 39. d6 Ra1+ 40. Kh2 Ra6 41. Nd5 Bxd5 42. Bxd5 Rb6 43. Bd8 Rb4 44. Ba5 Rd4 45. Bc3 Rf4 46. Bc6 Nb8 47. d7 1-0

[Event "Eger Narancs Cup"]
[Site "Eger"]
[Date "1993.??.??"]
[Round "1"]
[White "Feher, Gyula"]
[Black "Khudiakov, Igor"]
[Result "1/2-1/2"]
[WhiteElo "2380"]
[BlackElo "2410"]
[PlyCount "88"]
[EventDate "1993.??.??"]
[EventType "tourn"]
[EventRounds "11"]
[EventCountry "HUN"]
[EventCategory "4"]
[SourceTitle "EXT 1997"]
[Source "ChessBase"]
[SourceDate "1996.11.15"]
[SourceVersion "1"]
[SourceVersionDate "1996.11.15"]
[SourceQuality "1"]

1. e4 c5 2. Nf3 Nc6 3. d4 cxd4 4. Nxd4 e5 5. Nb5 d6 6. c4 Be6 7. Be2 Be7 8. 0-0 Nf6 9. N1c3 a6 10. Na3 Nd4 11. Be3 Nxe2+ 12. Qxe2 Rc8 13. Rac1 0-0 14. f3 Nh5 15. g3 g6 16. Nd5 Bxd5 17. cxd5 Bg5 18. Rxc8 Bxe3+ 19. Qxe3 Qxc8 20. Rc1 Qd7 21. Nc4 f5 22. exf5 gxf5 23. Qh6 Nf6 24. Ne3 Ne8 25. Rc4 Rf6 26. Qg5+ Qg7 27. Qxg7+ Nxg7 28. Kf2 Rf7 29. Ke2 Rd7 30. Kd3 Kf7 31. Rc8 f4 32. gxf4 exf4 33. Ng2 Nh5 34. Rc4 Kf6 35. Nxf4 Nxf4+ 36. Rxf4+ Ke5 37. Rh4 Kxd5 38. Rh5+ Ke6 39. Ke4 Re7 40. f4 Kf6+ 41. Kd3 Rg7 42. a4 Rg2 43. b4 Kg6 44. Rd5 Rxh2 1/2-1/2

[Event "Eger Narancs Cup"]
[Site "Eger"]
[Date "1993.??.??"]
[Round "4"]
[White "Khudiakov, Igor"]
[Black "Kaposztas, Miklos"]
[Result "1/2-1/2"]
[WhiteElo "2410"]
[BlackElo "2265"]
[PlyCount "59"]
[EventDate "1993.??.??"]
[EventType "tourn"]
[EventRounds "11"]
[EventCountry "HUN"]
[EventCategory "4"]
[SourceTitle "EXT 1997"]
[Source "ChessBase"]
[SourceDate "1996.11.15"]
[SourceVersion "1"]
[SourceVersionDate "1996.11.15"]
[SourceQuality "1"]

1. e4 c5 2. Nf3 g6 3. d4 Bg7 4. d5 d6 5. h3 Na6 6. Be2 Nf6 7. Nc3 Nc7 8. a4 a6 9. 0-0 0-0 10. Be3 Bd7 11. e5 Nfe8 12. exd6 exd6 13. Bg5 Nf6 14. a5 Re8 15. Qd2 Qe7 16. Rfe1 Qf8 17. Bc4 Rxe1+ 18. Rxe1 Re8 19. Rxe8 Ncxe8 20. Qe2 h6 21. Bd2 Kh7 22. b4 cxb4 23. Na2 Nc7 24. Nxb4 Qd8 25. Qe3 Nce8 26. Qa3 Ne4 27. Be3 Qc7 28. Bd3 Nc5 29. Bf1 Bf6 30. Nd2 1/2-1/2

[Event "Harkany Tenkes Cup"]
[Site "Harkany"]
[Date "1993.??.??"]
[Round "4"]
[White "Khudiakov, Igor"]
[Black "Lenart, Endre"]
[Result "1/2-1/2"]
[WhiteElo "2410"]
[BlackElo "2305"]
[PlyCount "124"]
[EventDate "1993.11.??"]
[EventType "swiss"]
[EventRounds "9"]
[EventCountry "HUN"]
[SourceTitle "EXT 1997"]
[Source "ChessBase"]
[SourceDate "1996.11.15"]
[SourceVersion "1"]
[SourceVersionDate "1996.11.15"]
[SourceQuality "1"]

1. e4 c5 2. Nc3 Nc6 3. g3 g6 4. Bg2 Bg7 5. f4 d6 6. Nf3 e6 7. 0-0 Nge7 8. d3 0-0 9. Be3 Nd4 10. Bf2 f5 11. Nxd4 cxd4 12. Ne2 Nc6 13. exf5 gxf5 14. c3 dxc3 15. bxc3 Bd7 16. Rb1 b6 17. d4 Ne7 18. c4 Rc8 19. Qb3 Nc6 20. Rbc1 Na5 21. Qb4 Rf7 22. Rfe1 Bf8 23. d5 e5 24. Rc2 Nb7 25. Nc1 Nc5 26. Qa3 Bg7 27. Nd3 e4 28. Nxc5 dxc5 29. Rb1 Be8 30. Rd2 Qf6 31. Rc2 Re7 32. Be3 Rd8 33. Kh1 Red7 34. Qa6 Qe7 35. Rd1 Rd6 36. Bh3 Bh5 37. Rdd2 Bd4 38. Qa3 Qf6 39. Rc1 Kh8 40. Rg1 Rg8 41. Bxd4 cxd4 42. Rxd4 Bf3+ 43. Bg2 Rxg3 44. Rd2 Rxg2 45. Rdxg2 Rd8 46. h3 Bxg2+ 47. Rxg2 Rg8 48. Qxa7 e3 49. Qa3 Qa1+ 50. Kh2 Qd4 51. Rxg8+ Kxg8 52. Qa8+ Kg7 53. Qb7+ Kg6 54. Qc6+ Kg7 55. Qd7+ Kg8 56. Qe8+ Kg7 57. Qe7+ Kg8 58. Qg5+ Kh8 59. Qxf5 Qd2+ 60. Kg3 Qf2+ 61. Kg4 Qg2+ 62. Kh4 e2 1/2-1/2

[Event "Eger Narancs Cup"]
[Site "Eger"]
[Date "1993.??.??"]
[Round "2"]
[White "Khudiakov, Igor"]
[Black "Vajda, Albert"]
[Result "0-1"]
[WhiteElo "2410"]
[BlackElo "2345"]
[PlyCount "70"]
[EventDate "1993.??.??"]
[EventType "tourn"]
[EventRounds "11"]
[EventCountry "HUN"]
[EventCategory "4"]
[SourceTitle "EXT 1997"]
[Source "ChessBase"]
[SourceDate "1996.11.15"]
[SourceVersion "1"]
[SourceVersionDate "1996.11.15"]
[SourceQuality "1"]

1. Nf3 d5 2. b3 Bg4 3. e3 Nf6 4. Bb2 Nbd7 5. Be2 c6 6. c4 e6 7. h3 Bxf3 8. Bxf3 Bd6 9. Nc3 0-0 10. d3 Ne5 11. Be2 Ng6 12. h4 e5 13. h5 Ne7 14. d4 Re8 15. h6 exd4 16. Qxd4 Nf5 17. Qd3 Nxh6 18. cxd5 cxd5 19. 0-0-0 Rc8 20. Kb1 Be5 21. Bf3 Qe7 22. g4 Bxc3 23. Bxc3 Ne4 24. Be1 Qf6 25. Be2 Nxf2 26. Bxf2 Qxf2 27. Rh3 Re5 28. Rdh1 Rce8 29. Bd1 Rxe3 30. Qxd5 Rxh3 31. Rxh3 Qb6 32. g5 Rd8 33. Re3 Nf5 34. Qxf5 Qxe3 35. Bc2 g6 0-1

[Event "Eger Narancs Cup"]
[Site "Eger"]
[Date "1993.??.??"]
[Round "6"]
[White "Seres, Lajos"]
[Black "Khudiakov, Igor"]
[Result "1/2-1/2"]
[WhiteElo "2340"]
[BlackElo "2410"]
[PlyCount "67"]
[EventDate "1993.??.??"]
[EventType "tourn"]
[EventRounds "11"]
[EventCountry "HUN"]
[EventCategory "4"]
[SourceTitle "EXT 1997"]
[Source "ChessBase"]
[SourceDate "1996.11.15"]
[SourceVersion "1"]
[SourceVersionDate "1996.11.15"]
[SourceQuality "1"]

1. d4 Nf6 2. Nf3 b5 3. e3 a6 4. Bd3 Bb7 5. Nbd2 e6 6. e4 c5 7. c3 cxd4 8. cxd4 Bb4 9. Qe2 Nc6 10. 0-0 0-0 11. Nb3 h6 12. a3 Be7 13. Bd2 Re8 14. Rfc1 Bf8 15. Nc5 Bxc5 16. dxc5 e5 17. b4 d5 18. cxd6 Qxd6 19. Rd1 Bc8 20. h3 Nh5 21. Be3 Qf6 22. Rac1 Bb7 23. Bb1 Rad8 24. Ba2 Nf4 25. Bxf4 Qxf4 26. g3 Qf6 27. Bd5 Rd7 28. Kg2 Nd4 29. Nxd4 exd4 30. Bxb7 Rxb7 31. Qg4 Rbe7 32. Rc8 Rxe4 33. Qxe4 Rxc8 34. Rxd4 1/2-1/2

[Event "Belavenets Memorial op"]
[Site "Smolensk"]
[Date "1991.??.??"]
[Round "?"]
[White "Stripunsky, Alexander"]
[Black "Khudiakov, Igor"]
[Result "1-0"]
[WhiteElo "2360"]
[BlackElo "2300"]
[PlyCount "57"]
[EventDate "1991.??.??"]
[EventType "swiss"]
[EventRounds "9"]
[EventCountry "URS"]
[SourceTitle "EXT 2000"]
[Source "ChessBase"]
[SourceDate "1999.11.16"]
[SourceVersion "1"]
[SourceVersionDate "1999.11.16"]
[SourceQuality "1"]

1. e4 d5 2. exd5 Qxd5 3. Nc3 Qa5 4. d4 Nf6 5. Nf3 Nc6 6. Bd2 Bg4 7. Nb5 Qb6 8. c4 Bxf3 9. Qxf3 Nxd4 10. Nxd4 Qxd4 11. Qxb7 Qe4+ 12. Qxe4 Nxe4 13. Be3 e5 14. g3 Bb4+ 15. Ke2 Nf6 16. Bg2 e4 17. c5 c6 18. Rac1 Ba5 19. Rc4 0-0 20. Bxe4 Nxe4 21. Rxe4 Rab8 22. b3 Rb7 23. Rd1 Rc8 24. Red4 Kf8 25. Rd7 Rcc7 26. Rd8+ Ke7 27. Bf4 Rd7 28. R1xd7+ Rxd7 29. Rc8 1-0